01106nabaa22001697a 4500003000400000005001700004008004100021040000700062100002800069245009700097300001300194500003600207505046400243505008900707650002700796773011300823OSt20260129001448.0190701b xxu||||| |||| 00| 0 spa d cPJ aSalgan Ruiz, Leandro G.10aImpacto de la ley 27.742 en el derecho administrativo disciplinario /cLeandro Salgan Ruiz.  ap. 37-57 aCita: TR LALEY AR/DOC/447/2025  aSumario: I. Planteo del tema.— II. Aplicación supletoria de la LNPA al sistema disciplinario.— III. Los principios generales en el procedimiento disciplinario.— IV. Los principios fundamentales en el procedimiento disciplinario.— V. Diseño del acto conclusivo del sumario administrativo.— VI. Impugnación administrativa de la sanción disciplinaria.— VII. Impugnación judicial de la sanción disciplinaria.— VIII. Reflexiones finales.  t¿Te interesa el texto completo? Comunicate al correo: koha@justierradelfuego.gov.ar 0aDERECHO ADMINISTRATIVO0 02842dBuenos Aires : AbeledoPerrot, 2012-oDA121tDerecho administrativo. Nº 158 marzo/abril 2025z18510590